000 00873nam0a22002651 4500
001 v19\rc\1673450
005 20260406220958.0
035 _a(NLR Aleph) 004780578
090 _a4672583
_c4672583
100 _a20061002d1894 |||y0rusy50 ca
101 0 _arus
102 _aRU
105 _ay z |||||
200 1 _aУстав Амурского общества пароходства и торговли
_e[Утв. 27 дек. 1893 г.]
210 _aСанкт-Петербург
_d1894
215 _a44 с.
_d24
710 0 2 _aАмурское общество пароходства и торговли
_cПетербург
_3RU\NLR\AUTH\889975580
_9448023
801 0 _aRU
_bNLR
_gpsbo
801 0 _aRU
_bRuMoRGB
_2psbo
801 1 _aRU
_bProSoft-M
_2rusmarc
852 _aNLR
_j18.226.8.102
899 _aRuMoRGB
_jA 250/375
899 _aБАН
942 _cBOOK
980 _aNB